[Event "Austin CC-ch 7th"]
[Site "Austin"]
[Date "2017.01.08"]
[Round "4"]
[White "Rodriguez Portela, Daniel"]
[Black "Dejmek, Mark W"]
[Result "1/2-1/2"]
[WhiteElo "2390"]
[BlackElo "2212"]
[PlyCount "52"]
[EventDate "2017.01.06"]
[EventType "swiss"]
[EventRounds "5"]
[EventCountry "USA"]
[SourceTitle "EXT 2019"]
[Source "ChessBase"]
[SourceDate "2018.10.10"]
[SourceVersion "1"]
[SourceVersionDate "2018.10.10"]
[SourceQuality "1"]

1. e4 c5 2. c3 d5 3. exd5 Qxd5 4. d4 Nc6 5. Nf3 Bf5 6. Be3 Nf6 7. Na3 cxd4 8. Bc4 Qa5 9. Nxd4 0-0-0 10. 0-0 Nxd4 11. cxd4 e6 12. Rc1 Bxa3 13. bxa3 Kb8 14. Qb3 Be4 15. Rfd1 Rc8 16. Bf4+ Ka8 17. Be5 Rhd8 18. Qb4 Qxb4 19. axb4 Nd7 20. f3 Nxe5 21. dxe5 Bg6 22. Bb3 Rxc1 23. Rxc1 Kb8 24. Rd1 Rxd1+ 25. Bxd1 Kc7 26. Ba4 f6 1/2-1/2

[Event "Austin CC-ch 7th"]
[Site "Austin"]
[Date "2017.01.07"]
[Round "3"]
[White "Rodriguez Portela, Daniel"]
[Black "La Salle, Craig A"]
[Result "1-0"]
[WhiteElo "2390"]
[BlackElo "2126"]
[PlyCount "165"]
[EventDate "2017.01.06"]
[EventType "swiss"]
[EventRounds "5"]
[EventCountry "USA"]
[SourceTitle "EXT 2019"]
[Source "ChessBase"]
[SourceDate "2018.10.10"]
[SourceVersion "1"]
[SourceVersionDate "2018.10.10"]
[SourceQuality "1"]

1. e4 e5 2. Nf3 Nc6 3. Bc4 Bc5 4. c3 Nf6 5. d3 0-0 6. 0-0 d6 7. b4 Bb6 8. Nbd2 Ne7 9. Bb3 c6 10. Re1 Ng6 11. d4 Re8 12. h3 h6 13. dxe5 dxe5 14. Nc4 Qxd1 15. Bxd1 Bc7 16. Bc2 Be6 17. Na5 Rab8 18. Be3 Bb6 19. Nd2 Bxe3 20. Rxe3 Red8 21. Nf3 Rd7 22. Bb3 Re8 23. Bxe6 Rxe6 24. g3 b6 25. Nc4 Ne8 26. a4 Nc7 27. h4 f6 28. h5 Ne7 29. Kf1 b5 30. Na5 Na8 31. Nb3 Red6 32. Nc5 Rc7 33. axb5 cxb5 34. Ra5 Rb6 35. Rd3 Nc6 36. Ra1 Rc8 37. Nh4 Rbb8 38. Rd6 Nb6 39. Nf5 Kh7 40. Nd7 Rb7 41. Nxb6 axb6 42. Rad1 Ne7 43. Nxe7 Rxe7 44. Rxb6 Rxc3 45. Rd8 g6 46. Rdd6 gxh5 47. Rxf6 Rc4 48. Rxb5 h4 49. Rbb6 hxg3 50. Rxh6+ Kg7 51. Rhg6+ Kf7 52. Rxg3 Rxe4 53. Rf3+ Kg7 54. Rg3+ Kf7 55. Rb3 Rc7 56. Rd6 Rc1+ 57. Kg2 Rg4+ 58. Kf3 Rf4+ 59. Kg2 Rg4+ 60. Kh2 Rcc4 61. b5 Rh4+ 62. Kg2 Rhg4+ 63. Rg3 Rxg3+ 64. Kxg3 Rb4 65. b6 Ke7 66. Rh6 Kd7 67. Kf3 Kc8 68. Re6 Kd7 69. Rxe5 Rxb6 70. Kg4 Rf6 71. f4 Ra6 72. Kg5 Rb6 73. f5 Rc6 74. f6 Rc1 75. Kg6 Rg1+ 76. Kh7 Rf1 77. Kg7 Rg1+ 78. Kf8 Rf1 79. f7 Rf4 80. Re7+ Kd8 81. Re8+ Kd7 82. Kg7 Rg4+ 83. Kh6 1-0

[Event "Titled Tuesday intern op 1st Nov 10am"]
[Site "Chess.com INT"]
[Date "2016.11.01"]
[Round "3"]
[White "Mekhitarian, Krikor Sevag"]
[Black "Rodriguez Portela, Daniel"]
[Result "1/2-1/2"]
[WhiteElo "2559"]
[BlackElo "2302"]
[PlyCount "170"]
[EventDate "2016.11.01"]
[EventType "swiss (blitz)"]
[EventRounds "9"]
[EventCountry "USA"]
[SourceTitle "EXT 2021"]
[Source "ChessBase"]
[SourceDate "2020.10.23"]
[SourceVersion "1"]
[SourceVersionDate "2020.10.23"]
[SourceQuality "1"]

1. e4 c5 2. Nf3 g6 3. Bc4 Bg7 4. c3 e6 5. 0-0 Ne7 6. d4 cxd4 7. Nxd4 d5 8. exd5 exd5 9. Bb3 Nbc6 10. Be3 0-0 11. Na3 Nf5 12. Nxf5 Bxf5 13. Qxd5 Na5 14. Qxd8 Rfxd8 15. Ba4 b6 16. Rfd1 Bf8 17. Bg5 Rxd1+ 18. Rxd1 Bxa3 19. bxa3 Nc4 20. Bb3 Be6 21. a4 Kg7 22. h3 Rc8 23. Rd4 Rc6 24. Rd8 h6 25. Bc1 Na5 26. Bxe6 Rxe6 27. Be3 g5 28. Bd4+ f6 29. Rd7+ Kg6 30. Rxa7 Nc6 31. Rd7 Re1+ 32. Kh2 Re2 33. Bxb6 Rxa2 34. a5 Ne5 35. Rc7 h5 36. c4 h4 37. Bd4 Rxa5 38. Bxe5 Rxe5 39. g4 hxg3+ 40. Kxg3 Re2 41. c5 Rc2 42. Rc8 f5 43. Kf3 Rc3+ 44. Kg2 g4 45. hxg4 fxg4 46. c6 Kg7 47. c7 Kh7 48. Kf1 Kg7 49. Ke1 Rc6 50. Kd2 Rc5 51. Kd3 Rc6 52. Kd4 Rc1 53. Kd5 Rd1+ 54. Ke6 Rc1 55. Kf5 Rc4 56. Kg5 Kh7 57. Kf6 Rc2 58. Ke6 Re2+ 59. Kd5 Rd2+ 60. Ke5 Rc2 61. Kd4 Kg7 62. Kd3 Rc6 63. Ke4 Rc1 64. Kf5 Rc4 65. Kg5 Kh7 66. Rf8 Rxc7 67. Kxg4 Kg6 68. Rf4 Rc5 69. Rd4 Rg5+ 70. Kf4 Rf5+ 71. Kg3 Ra5 72. f3 Ra6 73. Kg4 Kf6 74. f4 Rb6 75. Rd7 Kg6 76. Rd5 Ra6 77. Rh5 Ra1 78. f5+ Kg7 79. Rg5+ Kf7 80. Rg6 Rg1+ 81. Kh5 Rh1+ 82. Kg5 Rg1+ 83. Kh6 Rh1+ 84. Kg5 Rg1+ 85. Kh5 Rh1+ 1/2-1/2

[Event "Titled Tuesday intern op 1st Nov 10am"]
[Site "Chess.com INT"]
[Date "2016.11.01"]
[Round "7"]
[White "Rodin, Mihail"]
[Black "Rodriguez Portela, Daniel"]
[Result "0-1"]
[WhiteElo "2321"]
[BlackElo "2302"]
[PlyCount "60"]
[EventDate "2016.11.01"]
[EventType "swiss (blitz)"]
[EventRounds "9"]
[EventCountry "USA"]
[SourceTitle "EXT 2021"]
[Source "ChessBase"]
[SourceDate "2020.10.23"]
[SourceVersion "1"]
[SourceVersionDate "2020.10.23"]
[SourceQuality "1"]

1. e4 c5 2. Nf3 g6 3. d4 cxd4 4. Nxd4 Bg7 5. Nc3 Nc6 6. Nde2 Nf6 7. g3 h5 8. h3 d6 9. Bg2 Be6 10. 0-0 a6 11. Be3 b5 12. Re1 Rc8 13. Nd5 0-0 14. Nef4 Bxd5 15. exd5 Ne5 16. b3 Qc7 17. Rc1 b4 18. Ne2 Qa5 19. Nd4 Nxd5 20. Bg5 e6 21. Qd2 Qc5 22. Ne2 Rfe8 23. Kf1 Nc3 24. Nxc3 bxc3 25. Qe2 Qb5 26. a4 Qxe2+ 27. Kxe2 d5 28. Rcd1 Nc6 29. Be3 Nb4 30. Rc1 d4 0-1

[Event "Titled Tuesday intern op1 7th June"]
[Site "Chess.com INT"]
[Date "2016.06.07"]
[Round "8"]
[White "Rodriguez Portela, Daniel"]
[Black "Priyadharshan, Kannappan"]
[Result "1-0"]
[WhiteElo "2295"]
[BlackElo "2475"]
[PlyCount "83"]
[EventDate "2016.06.07"]
[EventType "swiss (blitz)"]
[EventRounds "9"]
[EventCountry "USA"]
[SourceTitle "EXT 2021"]
[Source "ChessBase"]
[SourceDate "2020.10.23"]
[SourceVersion "1"]
[SourceVersionDate "2020.10.23"]
[SourceQuality "1"]

1. e4 e5 2. Nf3 d6 3. d4 exd4 4. Qxd4 Nf6 5. Nc3 Be7 6. Bg5 Nc6 7. Qd2 h6 8. Bf4 Be6 9. Nd4 Nxd4 10. Qxd4 0-0 11. Bd3 Nh5 12. Bd2 Bf6 13. Qe3 Bg5 14. Qe2 Nf4 15. Qf3 Nxd3+ 16. Qxd3 Bxd2+ 17. Qxd2 Re8 18. 0-0 Qg5 19. f4 Qc5+ 20. Kh1 f5 21. Rae1 Qc6 22. e5 Rad8 23. Qf2 Bc4 24. Rg1 dxe5 25. Rxe5 Rxe5 26. fxe5 Be6 27. Qe3 a6 28. h3 b5 29. a3 a5 30. Rc1 f4 31. Qxf4 Bxh3 32. Ne4 Rf8 33. Qe3 Bf5 34. Nc5 Re8 35. b4 axb4 36. axb4 Qd5 37. Re1 Bxc2 38. e6 Bf5 39. e7 Bg6 40. Qf4 c6 41. Qc7 Qd4 42. Qg3 1-0

[Event "Titled Tuesday intern op 3rd May"]
[Site "Chess.com INT"]
[Date "2016.05.03"]
[Round "1"]
[White "Rodriguez Portela, Daniel"]
[Black "Makarenko, Alexandra"]
[Result "0-1"]
[WhiteElo "2295"]
[BlackElo "2269"]
[PlyCount "50"]
[EventDate "2016.05.03"]
[EventType "swiss (blitz)"]
[EventRounds "9"]
[EventCountry "USA"]
[SourceTitle "EXT 2021"]
[Source "ChessBase"]
[SourceDate "2020.10.23"]
[SourceVersion "1"]
[SourceVersionDate "2020.10.23"]
[SourceQuality "1"]

1. e4 e5 2. Nf3 Nc6 3. Bc4 Bc5 4. 0-0 Nf6 5. d4 Bxd4 6. Nxd4 Nxd4 7. f4 d6 8. fxe5 dxe5 9. Bg5 Qe7 10. Nc3 c6 11. a4 Be6 12. Bxf6 gxf6 13. Bd3 Rg8 14. Qh5 0-0-0 15. a5 Rg5 16. Qh6 Rdg8 17. g3 R8g6 18. Qxh7 Qf8 19. Nd5 Rh6 20. Nxf6 Rxh7 21. Nxh7 Qg7 22. Nxg5 Qxg5 23. Rf2 Qe3 24. a6 Bh3 25. axb7+ Kb8 0-1

[Event "Titled Tuesday intern op 3rd May"]
[Site "Chess.com INT"]
[Date "2016.05.03"]
[Round "4"]
[White "Rodriguez Portela, Daniel"]
[Black "Niemann, Hans Moke"]
[Result "1-0"]
[WhiteElo "2295"]
[BlackElo "2298"]
[PlyCount "133"]
[EventDate "2016.05.03"]
[EventType "swiss (blitz)"]
[EventRounds "9"]
[EventCountry "USA"]
[SourceTitle "EXT 2021"]
[Source "ChessBase"]
[SourceDate "2020.10.23"]
[SourceVersion "1"]
[SourceVersionDate "2020.10.23"]
[SourceQuality "1"]

1. e4 g6 2. d4 Bg7 3. Nc3 c6 4. Nf3 d5 5. Be2 dxe4 6. Nxe4 Bg4 7. c3 Nd7 8. 0-0 Bxf3 9. Bxf3 Ngf6 10. Ng5 0-0 11. Re1 h6 12. Ne4 Nxe4 13. Bxe4 e5 14. dxe5 Nxe5 15. Qb3 Qb6 16. Be3 Qc7 17. h3 Rfd8 18. Rad1 a5 19. f4 a4 20. Qb6 Qxb6 21. Bxb6 Rxd1 22. Rxd1 Nc4 23. Bc5 Nxb2 24. Rd7 Rb8 25. Ba7 Re8 26. Bf3 Bxc3 27. Rxb7 Nd3 28. g3 c5 29. Bd5 Bd4+ 30. Kg2 Re2+ 31. Kf3 Re3+ 32. Kg2 Re2+ 33. Kf3 Rh2 34. Bxf7+ Kf8 35. Bxg6 Ne1+ 36. Kg4 Re2 37. Bb8 Nd3 38. Bd6+ Kg8 39. Bxd3 Re3 40. Bc4+ Kh8 41. Re7 Rc3 42. Bd5 Rc2 43. Be5+ Bxe5 44. Rxe5 c4 45. Re8+ Kg7 46. Rc8 c3 47. h4 Rd2 48. Be4 Rxa2 49. Rxc3 a3 50. Rc7+ Kf6 51. Rc6+ Kg7 52. Rg6+ Kf7 53. Rxh6 Rd2 54. Ra6 a2 55. Rxa2 Rd4 56. Ra7+ Kf6 57. Ra6+ Kg7 58. Bf5 Rd8 59. h5 Rh8 60. Kg5 Kf7 61. Ra7+ Ke8 62. Ra8+ Ke7 63. Rxh8 Kf7 64. Rh7+ Kg8 65. Rb7 Kf8 66. Kf6 Ke8 67. Rb8# 1-0

[Event "Titled Tuesday intern op1 1st March"]
[Site "Chess.com INT"]
[Date "2016.03.01"]
[Round "3"]
[White "Klekowski, Maciej"]
[Black "Rodriguez Portela, Daniel"]
[Result "1/2-1/2"]
[WhiteElo "2432"]
[BlackElo "2295"]
[PlyCount "271"]
[EventDate "2016.03.01"]
[EventType "swiss (blitz)"]
[EventRounds "9"]
[EventCountry "USA"]
[SourceTitle "EXT 2021"]
[Source "ChessBase"]
[SourceDate "2020.10.23"]
[SourceVersion "1"]
[SourceVersionDate "2020.10.23"]
[SourceQuality "1"]

1. c4 c5 2. Nf3 Nc6 3. g3 g6 4. Bg2 Nh6 5. 0-0 Nf5 6. e3 Bg7 7. Nc3 e6 8. d3 0-0 9. Ne1 b6 10. Nc2 Bb7 11. Rb1 Rc8 12. Bd2 Qc7 13. Qe2 Rfd8 14. b4 cxb4 15. Nxb4 Nxb4 16. Rxb4 Bxg2 17. Kxg2 d5 18. Qf3 Qe7 19. Rfb1 dxc4 20. d4 Qd7 21. a4 Ne7 22. Rb5 Qc6 23. a5 Qxf3+ 24. Kxf3 bxa5 25. Rxa5 Rc7 26. Nb5 Rb7 27. Rxa7 Rdb8 28. Rxb7 Rxb7 29. Nc3 Rxb1 30. Nxb1 f5 31. Na3 Nd5 32. Nxc4 Kf7 33. Ke2 Bf8 34. f3 h5 35. e4 fxe4 36. fxe4 Nf6 37. Ne5+ Kg7 38. Kf3 Bd6 39. Bf4 Ba3 40. Nc4 Bb4 41. Be5 Kf7 42. h3 Nd7 43. Bf4 Bc3 44. Ne5+ Nxe5+ 45. Bxe5 Bb2 46. Ke3 Bc3 47. Kd3 Be1 48. Kc4 Ke7 49. Kc5 Kd7 50. g4 hxg4 51. hxg4 Bc3 52. Bf4 Be1 53. Kc4 Kc6 54. Be3 Bg3 55. Kd3 Bc7 56. Kc4 Bg3 57. Bd2 Bf2 58. Bb4 Bg1 59. Be7 Bf2 60. Bf8 Bg1 61. Bg7 Bf2 62. Kd3 Bg3 63. Ke3 Bh2 64. Bh6 Bg1+ 65. Kd3 Bh2 66. Be3 Bg3 67. Ke2 Bc7 68. Kf3 Bb8 69. Bf4 Ba7 70. Be5 Kd7 71. Kf4 Ke7 72. Kg5 Kf7 73. Kh6 Bb6 74. Kh7 Bd8 75. Bg7 Bb6 76. Be5 Bd8 77. d5 exd5 78. exd5 Bg5 79. Bd6 Bd8 80. Kh6 Ba5 81. Bf4 Bc3 82. Be3 Be5 83. Kg5 Bf6+ 84. Kf4 Ke7 85. Bc5+ Kd7 86. Ke4 Bg7 87. Bd4 Bh6 88. Bc3 Kd6 89. Bb4+ Kd7 90. Bc5 Bc1 91. Ke5 Bg5 92. Bf8 Bd8 93. Bg7 Bh4 94. Bf8 Bd8 95. Bc5 Bh4 96. Bb4 Bd8 97. Bd2 Be7 98. Be3 Bd8 99. Bh6 Be7 100. Bg7 Bh4 101. Bf6 Bg3+ 102. Ke4 Kd6 103. Bd4 Kd7 104. Bf6 Kd6 105. Bg5 Kd7 106. Bf4 Bh4 107. g5 Be1 108. Be5 Bd2 109. Bf4 Bc3 110. Be3 Kd6 111. Bd4 Bd2 112. Be5+ Kd7 113. Bf6 Kd6 114. Kd4 Bc1 115. Ke4 Bd2 116. Be5+ Kd7 117. Bf4 Bc3 118. Kd3 Bb2 119. Kc2 Bd4 120. Kb3 Bf2 121. Kc4 Bg1 122. Kd3 Bf2 123. Bd2 Kd6 124. Ke4 Bg3 125. Bc3 Bh2 126. Bb4+ Kd7 127. Ba3 Bg3 128. Bb2 Kd6 129. Bf6 Bh2 130. Bd8 Kd7 131. Bb6 Kd6 132. Ba7 Kd7 133. Be3 Bg3 134. Bf4 Be1 135. Kd4 Ba5 136. Ke4 1/2-1/2

[Event "Titled Tuesday intern op1 1st March"]
[Site "Chess.com INT"]
[Date "2016.03.01"]
[Round "4"]
[White "Manolache, Marius"]
[Black "Rodriguez Portela, Daniel"]
[Result "0-1"]
[WhiteElo "2487"]
[BlackElo "2295"]
[PlyCount "88"]
[EventDate "2016.03.01"]
[EventType "swiss (blitz)"]
[EventRounds "9"]
[EventCountry "USA"]
[SourceTitle "EXT 2021"]
[Source "ChessBase"]
[SourceDate "2020.10.23"]
[SourceVersion "1"]
[SourceVersionDate "2020.10.23"]
[SourceQuality "1"]

1. d4 Nf6 2. Nf3 e6 3. c4 Bb4+ 4. Nbd2 d5 5. a3 Be7 6. Qc2 0-0 7. e3 Nbd7 8. b3 c5 9. Bb2 b6 10. dxc5 Nxc5 11. Be2 Bb7 12. 0-0 Rc8 13. Rfd1 Nce4 14. Nxe4 Nxe4 15. Bd3 f5 16. Qe2 Bf6 17. Nd4 Qe7 18. a4 g6 19. Ba3 Nc5 20. a5 Rfe8 21. Nb5 Bxa1 22. Rxa1 a6 23. Na7 Ra8 24. axb6 Qd6 25. cxd5 Qxd5 26. Qf1 Nxd3 27. Rd1 Qxb3 28. Rxd3 Qxb6 29. Rd7 Rxa7 30. Qa1 e5 31. Qa2+ Kh8 32. Rxh7+ Kxh7 33. Qf7+ Kh6 34. Bf8+ Rxf8 35. Qxf8+ Kh5 36. Qh8+ Kg5 37. h4+ Kg4 38. Kh2 Bxg2 39. Kxg2 Qc6+ 40. Kh2 Qf3 41. Qxe5 Qxf2+ 42. Kh1 Qf1+ 43. Kh2 Qh3+ 44. Kg1 Qg3+ 0-1

[Event "Titled Tuesday intern op 2nd Febr"]
[Site "Chess.com INT"]
[Date "2016.02.02"]
[Round "7"]
[White "Preotu, Razvan"]
[Black "Rodriguez Portela, Daniel"]
[Result "0-1"]
[WhiteElo "2462"]
[BlackElo "2295"]
[PlyCount "104"]
[EventDate "2016.02.02"]
[EventType "swiss (blitz)"]
[EventRounds "9"]
[EventCountry "USA"]
[SourceTitle "EXT 2021"]
[Source "ChessBase"]
[SourceDate "2020.10.23"]
[SourceVersion "1"]
[SourceVersionDate "2020.10.23"]
[SourceQuality "1"]

1. e4 c5 2. Nf3 g6 3. c3 Bg7 4. d4 cxd4 5. cxd4 d5 6. e5 a6 7. Be2 Nc6 8. 0-0 Bg4 9. Nbd2 Nh6 10. h3 Bxf3 11. Nxf3 Nf5 12. g4 Nh6 13. Be3 f6 14. Qd2 Nf7 15. e6 Nd6 16. Bd3 0-0 17. Rae1 Ne4 18. Qc2 f5 19. Ne5 Bxe5 20. dxe5 Nb4 21. Qd1 Nxd3 22. Qxd3 f4 23. Bd4 Ng5 24. f3 Nxh3+ 25. Kg2 Ng5 26. Rd1 Nxe6 27. Bf2 Rc8 28. Qxd5 Qxd5 29. Rxd5 Rfd8 30. Rfd1 Kf7 31. Rd7 Rxd7 32. Rxd7 b5 33. Ra7 Rc6 34. b4 g5 35. Kf1 Rc4 36. Rxa6 Rxb4 37. Rb6 Rb1+ 38. Kg2 b4 39. a3 b3 40. a4 Ra1 41. Rxb3 Rxa4 42. Rb5 Ra2 43. Kf1 Ra3 44. Kg2 Nc7 45. Rc5 Ne6 46. Rb5 Rd3 47. Kf1 Rxf3 48. Kg2 Rd3 49. Rb8 Rd5 50. Rh8 Kg7 51. Re8 Kf7 52. Rh8 Nf8 0-1

[Event "Titled Tuesday intern op 2nd Febr"]
[Site "Chess.com INT"]
[Date "2016.02.02"]
[Round "3"]
[White "Rodriguez Portela, Daniel"]
[Black "Donchenko, Alexander"]
[Result "0-1"]
[WhiteElo "2295"]
[BlackElo "2575"]
[PlyCount "104"]
[EventDate "2016.02.02"]
[EventType "swiss (blitz)"]
[EventRounds "9"]
[EventCountry "USA"]
[SourceTitle "EXT 2021"]
[Source "ChessBase"]
[SourceDate "2020.10.23"]
[SourceVersion "1"]
[SourceVersionDate "2020.10.23"]
[SourceQuality "1"]

1. e4 c6 2. Nc3 d5 3. Nf3 Nf6 4. Qe2 dxe4 5. Nxe4 Nxe4 6. Qxe4 Nd7 7. Bc4 Nf6 8. Qe3 Bf5 9. d3 e6 10. 0-0 Bd6 11. Re1 0-0 12. h3 a5 13. a4 Qc7 14. Bd2 Rfe8 15. Nh4 Bg6 16. Nxg6 hxg6 17. Qf3 Nd5 18. d4 Bf4 19. Bxf4 Nxf4 20. Rad1 Rad8 21. c3 Nd5 22. Bxd5 cxd5 23. Qd3 Qc6 24. Qb5 Qxb5 25. axb5 b6 26. f4 Kf8 27. Kf2 Rc8 28. Kf3 Rc4 29. Rd3 Ra4 30. Rc1 Rc8 31. g4 Ke7 32. h4 Ra2 33. Rd2 a4 34. Ke3 a3 35. bxa3 Rxa3 36. Kd3 Rb3 37. Ra2 Rc7 38. h5 gxh5 39. gxh5 Rxb5 40. Rg1 Kf6 41. Rag2 Rb3 42. Rxg7 Rbxc3+ 43. Kd2 Rc2+ 44. Kd1 Rc1+ 45. Ke2 R7c2+ 46. Ke3 Rc3+ 47. Ke2 R1c2+ 48. Kd1 Rh2 49. R7g2 Rxh5 50. Rd2 Rf3 51. Rg8 Rxf4 52. Rb8 Rhh4 0-1

[Event "Titled Tuesday intern op 5th Jan"]
[Site "Chess.com INT"]
[Date "2016.01.05"]
[Round "5"]
[White "Rodriguez Portela, Daniel"]
[Black "Canty, James H"]
[Result "1-0"]
[WhiteElo "2295"]
[BlackElo "2353"]
[PlyCount "41"]
[EventDate "2016.01.05"]
[EventType "swiss (blitz)"]
[EventRounds "9"]
[EventCountry "USA"]
[SourceTitle "EXT 2021"]
[Source "ChessBase"]
[SourceDate "2020.10.23"]
[SourceVersion "1"]
[SourceVersionDate "2020.10.23"]
[SourceQuality "1"]

1. e4 c5 2. Nf3 g6 3. d4 cxd4 4. Qxd4 Nf6 5. Nc3 Nc6 6. Qa4 d6 7. e5 Ng4 8. exd6 Bg7 9. Bb5 0-0 10. 0-0 Qxd6 11. h3 Nge5 12. Nxe5 Bxe5 13. Rd1 Qb8 14. Bh6 Re8 15. Nd5 Be6 16. Nb4 Rd8 17. Nxc6 bxc6 18. Bxc6 Qxb2 19. Bxa8 Rxa8 20. Rab1 Qxa2 21. Qe4 1-0

[Event "Titled Tuesday intern op 5th Jan"]
[Site "Chess.com INT"]
[Date "2016.01.05"]
[Round "6"]
[White "Rodriguez Portela, Daniel"]
[Black "Maidel, Anton"]
[Result "1/2-1/2"]
[WhiteElo "2295"]
[BlackElo "2347"]
[PlyCount "125"]
[EventDate "2016.01.05"]
[EventType "swiss (blitz)"]
[EventRounds "9"]
[EventCountry "USA"]
[SourceTitle "EXT 2021"]
[Source "ChessBase"]
[SourceDate "2020.10.23"]
[SourceVersion "1"]
[SourceVersionDate "2020.10.23"]
[SourceQuality "1"]

1. e4 e5 2. Nf3 Nf6 3. Nxe5 d6 4. Nf3 Nxe4 5. Nc3 Nf6 6. d4 Be7 7. Bg5 0-0 8. Qd2 d5 9. 0-0-0 Ne4 10. Nxe4 dxe4 11. Bxe7 Qxe7 12. Ne5 f6 13. Nc4 c6 14. Kb1 Be6 15. Ne3 Nd7 16. f3 exf3 17. gxf3 Nb6 18. Bd3 Rfe8 19. Rhg1 Bxa2+ 20. Kxa2 Qxe3 21. Qg2 Qh6 22. Qg3 Nd5 23. Kb1 Rad8 24. Be4 Ne3 25. Rde1 f5 26. Rxe3 f4 27. Bd5+ cxd5 28. Rxe8+ Rxe8 29. Qg4 Qf6 30. Qd7 Qf7 31. Qd6 g6 32. Rg4 Re6 33. Qb8+ Re8 34. Qxa7 Re1+ 35. Ka2 h5 36. Rg5 Re6 37. Qb8+ Kh7 38. Kb1 Re1+ 39. Ka2 Re6 40. Re5 Rxe5 41. Qxe5 b5 42. h4 Qa7+ 43. Kb1 Qf7 44. Ka2 Qa7+ 45. Kb1 Qf7 46. c3 Qg7 47. Qxf4 g5 48. hxg5 Qg6+ 49. Ka2 Qa6+ 50. Kb1 Qg6+ 51. Ka2 Kg8 52. Kb3 Qa6 53. Kc2 Qg6+ 54. Kb3 Qa6 55. Kb4 Qc6 56. Kb3 Qc4+ 57. Kc2 Qe2+ 58. Kb1 Qf1+ 59. Ka2 Qc4+ 60. Ka1 Qf1+ 61. Ka2 Qc4+ 62. Kb1 Qf1+ 63. Ka2 1/2-1/2

[Event "Titled Tuesday intern op 3rd Nov"]
[Site "Chess.com INT"]
[Date "2015.11.03"]
[Round "6"]
[White "Rodriguez Portela, Daniel"]
[Black "Babiy, Olga"]
[Result "0-1"]
[WhiteElo "2274"]
[BlackElo "2341"]
[PlyCount "74"]
[EventDate "2015.11.03"]
[EventType "swiss (blitz)"]
[EventRounds "9"]
[EventCountry "USA"]
[SourceTitle "EXT 2021"]
[Source "ChessBase"]
[SourceDate "2020.10.23"]
[SourceVersion "1"]
[SourceVersionDate "2020.10.23"]
[SourceQuality "1"]

1. e4 c5 2. Nf3 e6 3. c3 d5 4. exd5 Qxd5 5. d4 Nf6 6. Na3 a6 7. Nc4 Nbd7 8. Be3 b6 9. Be2 Bb7 10. Nce5 Nxe5 11. dxe5 Nd7 12. c4 Qc6 13. Bg5 h6 14. Bh4 g5 15. Bg3 Be7 16. Qd2 Rd8 17. Qe3 Qe4 18. Qxe4 Bxe4 19. h3 Nb8 20. 0-0 Nc6 21. Rfd1 0-0 22. Nd2 Bc2 23. Nf1 Bxd1 24. Bxd1 Rd4 25. Ne3 Rfd8 26. Bf3 Nb4 27. b3 f6 28. Ng4 f5 29. Nf6+ Bxf6 30. exf6 f4 31. Bh2 Kf7 32. g3 e5 33. gxf4 exf4 34. Re1 Kxf6 35. Kg2 Nd3 36. Re2 Ne5 37. Bd5 R8xd5 0-1

[Event "Titled Tuesday intern op 4th Aug"]
[Site "Chess.com INT"]
[Date "2015.08.04"]
[Round "2"]
[White "Indjic, Aleksandar"]
[Black "Rodriguez Portela, Daniel"]
[Result "1-0"]
[WhiteElo "2558"]
[BlackElo "2274"]
[PlyCount "71"]
[EventDate "2015.08.04"]
[EventType "swiss (blitz)"]
[EventRounds "9"]
[EventCountry "USA"]
[SourceTitle "EXT 2021"]
[Source "ChessBase"]
[SourceDate "2020.10.23"]
[SourceVersion "1"]
[SourceVersionDate "2020.10.23"]
[SourceQuality "1"]

1. d4 Nf6 2. c4 e6 3. Nf3 Bb4+ 4. Nbd2 d5 5. g3 0-0 6. Bg2 c5 7. dxc5 Bxc5 8. 0-0 Nc6 9. a3 a5 10. Qc2 dxc4 11. Nxc4 Qe7 12. Rd1 e5 13. Bg5 h6 14. Bxf6 Qxf6 15. Ncd2 Ba7 16. Ne4 Qe7 17. Nd6 Rd8 18. Nxc8 Raxc8 19. Rxd8+ Rxd8 20. e3 Qd6 21. Bf1 Qd5 22. Be2 e4 23. Rd1 Qe6 24. Rxd8+ Nxd8 25. Nd2 Nc6 26. Qxe4 Qa2 27. Qe8+ Kh7 28. Bd3+ g6 29. Bc4 Qxb2 30. Bxf7 Qg7 31. Ne4 h5 32. h4 Ne5 33. Ng5+ Kh6 34. Bd5 Qf6 35. Qxe5 Qxe5 36. Nf7+ 1-0

[Event "Titled Tuesday intern op 7th July"]
[Site "Chess.com INT"]
[Date "2015.07.07"]
[Round "1"]
[White "Rodriguez Portela, Daniel"]
[Black "D'Innocente, Stefano"]
[Result "1/2-1/2"]
[WhiteElo "2280"]
[BlackElo "2261"]
[PlyCount "105"]
[EventDate "2015.07.07"]
[EventType "swiss (blitz)"]
[EventRounds "9"]
[EventCountry "USA"]
[SourceTitle "EXT 2021"]
[Source "ChessBase"]
[SourceDate "2020.10.23"]
[SourceVersion "1"]
[SourceVersionDate "2020.10.23"]
[SourceQuality "1"]

1. e4 e5 2. Nf3 Nc6 3. Bc4 Bc5 4. c3 Nf6 5. d4 exd4 6. cxd4 Bb4+ 7. Bd2 Nxe4 8. Bxb4 Nxb4 9. Bxf7+ Kxf7 10. Qb3+ d5 11. Ne5+ Ke6 12. Qxb4 Qf8 13. Qxf8 Rxf8 14. f3 Nf6 15. Nc3 c6 16. 0-0-0 Kd6 17. Rhe1 Be6 18. Nd3 Rae8 19. Kd2 Bc8 20. b4 b6 21. a4 Rxe1 22. Rxe1 Re8 23. Rxe8 Nxe8 24. Ne2 Bf5 25. Nef4 Nc7 26. g4 Bxd3 27. Kxd3 g6 28. Nh3 Ne6 29. f4 c5 30. dxc5+ bxc5 31. f5 gxf5 32. gxf5 Nf8 33. bxc5+ Kxc5 34. Ng5 h6 35. Nf7 h5 36. h4 Nd7 37. Nd8 Ne5+ 38. Ke3 d4+ 39. Ke4 d3 40. Ke3 Kd5 41. f6 Ng4+ 42. Kxd3 Nxf6 43. Nf7 Nd7 44. Ke3 Ke6 45. Nd8+ Kf5 46. Nc6 a6 47. Nb4 Nc5 48. a5 Nb3 49. Nxa6 Nxa5 50. Kf3 Nc4 51. Nc5 Ne5+ 52. Kg3 Ng6 53. Nd3 1/2-1/2

[Event "Titled Tuesday intern op 3rd March"]
[Site "Chess.com INT"]
[Date "2015.03.03"]
[Round "1"]
[White "Rodriguez Portela, Daniel"]
[Black "Abdi, Farzad"]
[Result "0-1"]
[WhiteElo "2280"]
[BlackElo "2026"]
[PlyCount "56"]
[EventDate "2015.03.03"]
[EventType "swiss (blitz)"]
[EventRounds "9"]
[EventCountry "USA"]
[SourceTitle "EXT 2021"]
[Source "ChessBase"]
[SourceDate "2020.10.23"]
[SourceVersion "1"]
[SourceVersionDate "2020.10.23"]
[SourceQuality "1"]

1. e4 c6 2. Nc3 d5 3. Nf3 dxe4 4. Nxe4 Bf5 5. Qe2 Nf6 6. d3 e6 7. Bd2 Nbd7 8. 0-0-0 Be7 9. h3 Qc7 10. Kb1 h6 11. g4 Bh7 12. g5 hxg5 13. Nexg5 Bf5 14. h4 Nd5 15. Nd4 g6 16. Nxf5 gxf5 17. Qf3 Ne5 18. Qg3 Ng4 19. f4 Bxg5 20. Bg2 Bxf4 21. Bxf4 Qxf4 22. Qe1 Nde3 23. Rd2 Nxg2 24. Rxg2 0-0-0 25. Rf1 Qh6 26. Qb4 Ne3 27. Rfg1 Nxg2 28. Rxg2 Qxh4 0-1

[Event "Titled Tuesday intern op 24th Febr"]
[Site "Chess.com INT"]
[Date "2015.02.24"]
[Round "5"]
[White "Rodriguez Portela, Daniel"]
[Black "Osinovsky, Stepan"]
[Result "1-0"]
[WhiteElo "2280"]
[BlackElo "2241"]
[PlyCount "73"]
[EventDate "2015.02.24"]
[EventType "swiss (blitz)"]
[EventRounds "9"]
[EventCountry "USA"]
[SourceTitle "EXT 2021"]
[Source "ChessBase"]
[SourceDate "2020.10.23"]
[SourceVersion "1"]
[SourceVersionDate "2020.10.23"]
[SourceQuality "1"]

1. e4 e5 2. Nf3 Nc6 3. Bc4 Nf6 4. Ng5 d5 5. exd5 Na5 6. Bb5+ c6 7. dxc6 bxc6 8. Bd3 h6 9. Ne4 Nd5 10. 0-0 Be7 11. Re1 0-0 12. Nbc3 Nb7 13. Bc4 Kh8 14. d3 f5 15. Ng3 Qd6 16. Qe2 Bf6 17. Nh5 Nxc3 18. bxc3 Re8 19. d4 e4 20. Bf4 Qf8 21. Nxf6 Qxf6 22. Be5 Rxe5 23. dxe5 Qxe5 24. Rad1 Nd6 25. Bb3 Bb7 26. Qd2 Nb5 27. Qd7 Rb8 28. c4 Nc3 29. Qd6 Re8 30. Qxe5 Rxe5 31. Rd7 Ba6 32. Rxa7 Ra5 33. h4 h5 34. Re3 Nxa2 35. Rg3 Nc1 36. Rgxg7 f4 37. Rge7 1-0